00612nam a2200193 a 450000500170000000800410001701000150005802000180007305000290009110000280012024500760014826000420022430000330026650000200029952100070031965000460032665000210037270000250039320140310183527.0111013s19uu xx 00 eng d a2009024692 a9780240810454 aPN 1995.9.P7b.K386 2009 aKaufman, Lloyd4, 1945- aProduce your own damn movie! /cLloyd Kaufman with Ashley Wren Collins. aBurlington, MA :bFocal Press,c2009. axv, 290 p. :bill. ;c24 cm. aIncludes index. aMA aMotion picturesxProduction and direction aLow budget films aCollins, Ashley Wren